000 00271nam a22001097a 4500
082 _a030 COL'H
100 _aHALSEY, WILLIAM D
_957308
245 _aCOLLIER'S ENCYCLOPEDIA WITH BIBLOGRAPHY AND INDEX VOL-17
250 _a24V
260 _aUSA
_bCOLLIER
_c1965
942 _cBK
999 _c567606
_d567606